000 00414nam a2200145Ia 4500
008 100204s9999 xx 000 0 und d
082 _b15646
100 _aबोकील संजीवनी
245 _aअभिमान
260 _b"निहार प्रकाशन , पुणे"
_c1992
300 _a132
630 _aअभिमान
730 _aअभिमान
942 _cBOOK
999 _c460069
_d460066